Reverse Quiz -Number- - Statistics

General Stats
  • This quiz has been taken 9 times
  • The average score is 12 of 20
Answer Stats
Hint Answer % Correct
1001 Different name for the Arabian night: _____ Nights
100%
2009 In what year did Barrack Obama became president?
100%
111 What number is CXI in romal numeral?
100%
122 How long did the oldest person live?
88%
196 How many countries are in the world according to Jetpunk?
88%
2008 In which year jetpunk was founded?
75%
2010 South African World Cup is held in which year?
75%
83 What is the square root of 6889?
75%
8 What number comes first in the alphabetical order?
75%
79 Gold's atomic number
63%
32 How many countries are in NATO?
63%
2048 One of the Tile-sliding video games
50%
36 What is the smallest sum of three consecutive cube numbers?
50%
4 How many fundamental interactions are in the universe?
38%
67 What is the 19th prime number?
38%
271 What is the closest prime number from 269?
38%
945 Which number is the smallest odd abundant number?
38%
361 How many squares are in go board?
25%
70 Which number is the smallest weird number?
25%
266 Which order is pope Francis?
25%
No matching quizzes found
Score Distribution
Percent of People with Each Score
Percentile by Number Answered
Your Score History
You have not taken this quiz